Triangle Cheer Quiz Stats

 Plays Quiz not verified by Sporcle

Support Sporcle.
Go Orange.
Score 0/19 Timer 02:00
0 Plays Today
Cheer % Correct
???
100%
???
85.7%
???
85.7%
???
85.7%
???
60%
???
57.1%
???
40%
???
40%
???
40%
???
28.6%
Cheer % Correct
???
28.6%
???
14.3%
???
14.3%
???
14.3%
???
14.3%
???
14.3%
???
14.3%
???
14.3%
???
14.3%

You're not logged in!

Compare scores with friends on all Sporcle quizzes.
OR
Log In

From the Vault

First Word Song Titles

by mvheald

The first word is crucial because it starts everything off on either the right or the wrong foot.
Remove Ads.
Support Sporcle.
Get the best of Sporcle when you Go Orange. This ad-free experience offers more features, more stats, and more fun while also helping to support Sporcle. Thank you for becoming a member.

Show Comments

Extras

Created Jan 30, 2016ReportNominate
Tags:Triangle

Top Quizzes Today


Score Distribution

Your Account Isn't Verified!

In order to create a playlist on Sporcle, you need to verify the email address you used during registration. Go to your Sporcle Settings to finish the process.

Report this User

Report this user for behavior that violates our Community Guidelines.

Details: